| 000 | 00650nam a22001937a 4500 | ||
|---|---|---|---|
| 999 |
_c190385 _d190385 |
||
| 005 | 20220722162016.0 | ||
| 010 | _aENG-133896 | ||
| 020 |
_a9789380318233 _c325.00 |
||
| 035 | _aEN-117428 | ||
| 037 | _bDBAD/PUB | ||
| 082 | _a954.035 | ||
| 100 | _aPratap, Aishvarya | ||
| 245 |
_aHuman values Mahatma Gandhi and World peace/ _cAishvarya Pratap and J. K. Sharma |
||
| 260 |
_aNew Delhi _bNeha publishers & distributors _c2012 |
||
| 270 |
_a4832/24 Prahlad lane,S-207 Ansari road, Daryaganj _bNew Delhi _e110002 _k43570976 |
||
| 300 |
_a148p. _c22cm(hbk) _bBibliography |
||
| 700 | _aSharma, J.K. | ||
| 942 |
_2ddc _cEN _h954.035 _mPRA |
||